000 01778nam0a2200397 4500
001 RU\NLR\bibl\1029339
005 20250615000342.0
010 _a5-89971-203-1
_9500
021 _aRU
_b2006-75478
_93818
035 _a(NLR Aleph) 001016818
090 _a673286
_c673286
100 _a20070111d2004 |||y0rusy50 ca
101 0 _arus
102 _aRU
105 _ay |||||||||
135 _acrmn mmmanaba
200 1 _aАвтономия религиозного сознания: теория, методология, практика
_fД.А. Заевский, А.Д. Похилько
_gАрмавир. гос. пед. ун-т, Армавир. православ.-социал. ин-т
210 _aАрмавир
_d2004
_cРедакционно-издательский центр АГПУ
215 _a175 с.
_d21
320 _aБиблиогр.: с. 167-175 (191 назв.)
325 1 _aКопия доступна в электронной библиотеке РНБ
606 1 _aСознание религиозное
_91901843
_3RU\NLR\auth\66865903
686 _aЮ932.1,8
686 _aС550.566
686 _aЮ969
700 1 _aЗаевский
_bД. А.
_4070
701 1 _aПохилько
_bА. Д.
_gАлександр Дмитриевич
_4070
801 0 _aRU
_bNLR
_c20070111
_gRCR
801 1 _aRU
_bNLR
_c20070111
830 _a2-й авт. раскрыт по ЭК
901 _eКнижные издания
942 _cBOOK
980 _aNB
981 1 3 _a(13) Документы, защищенные авторским правом
_b(13) Современная научная, научно-популярная и популярная л